Highest Rated DCEU Movies - Statistics

General Stats
  • This quiz has been taken 33 times
    20 since last reset
  • The average score is 5 of 6
Answer Stats
Hint Answer % Correct
90% Shazam!
100%
90% The Suicide Squad
89%
93% Wonder Woman
89%
71% Zack Snyder's Justice League
78%
66% The Flash
61%
78% Birds of Prey
56%
No matching quizzes found
Score Distribution
Percent of People with Each Score
Percentile by Number Answered
Your Score History
You have not taken this quiz since the last reset